NATO - Statistiken

Allgemein
  • Dieses Quiz wurde 926 mal gespielt
  • Das Durchschnittsergebnis liegt bei 24 aus 28
Antwortstatistiken
Beitritt / Joined Staat / State % Korrekt
09.05.1955 Deutschland
97%
01.04.1949 (Gründungsmitglied / Founder) Frankreich
96%
01.04.1949 (Gründungsmitglied / Founder) Vereinigte Staaten
96%
30.05.1982 Spanien
95%
01.04.1949 (Gründungsmitglied / Founder) Italien
94%
01.04.1949 (Gründungsmitglied / Founder) Belgien
92%
01.04.1949 (Gründungsmitglied / Founder) Portugal
92%
01.04.1949 (Gründungsmitglied / Founder) Kanada
91%
01.04.1949 (Gründungsmitglied / Founder) Niederlande
91%
01.04.1949 (Gründungsmitglied / Founder) Norwegen
91%
12.03.1999 Polen
91%
01.04.1949 (Gründungsmitglied / Founder) Dänemark
87%
01.04.1949 (Gründungsmitglied / Founder) Vereinigtes Königreich
87%
18.02.1952 Griechenland
86%
12.03.1999 Tschechien
86%
01.04.1949 (Gründungsmitglied / Founder) Luxemburg
83%
29.03.2004 Estland
82%
12.03.1999 Ungarn
82%
29.03.2004 Lettland
81%
29.03.2004 Slowakei
81%
18.02.1952 Türkei
81%
01.04.2009 Kroatien
80%
29.03.2004 Litauen
80%
29.03.2004 Slowenien
80%
29.03.2004 Rumänien
79%
29.03.2004 Bulgarien
77%
01.04.1949 (Gründungsmitglied / Founder) Island
74%
01.04.2009 Albanien
62%
Keine übereinstimmenden Quizze gefunden
Verteilung der Resultate
Anzahl Personen mit jedem Resultat
Perzentil nach korrekt beantworteten Fragen
Ihre Resultats-Entwicklung
Sie haben dieses Quiz noch nicht gespielt